logo

Bir Sreshtho Munshi Abdur Rouf Library
Jhenaidah Cadet College

বাংলাদেশের ছাত্র আন্দোলনের ইতিহাস ১৮৩০-১৯৭১ / (Record no. 7100)

MARC details
000 -LEADER
fixed length control field 00802nam a2200241 a 4500
001 - CONTROL NUMBER
JCCL Control Number 7100
003 - CONTROL NUMBER IDENTIFIER
JCCL marc code BD-JhCC
005 - DATE AND TIME OF LATEST TRANSACTION
control field 20180304085003.0
008 - FIXED-LENGTH DATA ELEMENTS--GENERAL INFORMATION
fixed length control field 180205s1984 bg |||| || | 000 0 ben d
020 ## - INTERNATIONAL STANDARD BOOK NUMBER
International Standard Book Number 9844014994
035 ## - SYSTEM CONTROL NUMBER
system control number (BD-JhCC)7100
040 ## - CATALOGING SOURCE
Original cataloging agency BD-JhCC
Modifying agency BD-JhCC
041 ## - LANGUAGE CODE
Language code of Book ben
082 ## - DEWEY DECIMAL CLASSIFICATION NUMBER
Classification number 378.1981
Author mark and Year HAN 1984
100 ## - MAIN ENTRY--PERSONAL NAME
Personal name হাননান, মোহাম্মদ
245 ## - TITLE STATEMENT
Title বাংলাদেশের ছাত্র আন্দোলনের ইতিহাস ১৮৩০-১৯৭১ /
Statement of responsibility, etc মোহাম্মদ হাননান,
260 ## - PUBLICATION, DISTRIBUTION, ETC. (IMPRINT)
Place of publication, distribution, etc ঢাকা :
Name of publisher, distributor, etc আগামী প্রকাশনী,
Date of publication, distribution, etc 1984
300 ## - PHYSICAL DESCRIPTION
Pagination 223 p. :
Dimensions 22 cm.
650 ## - SUBJECT ADDED ENTRY--TOPICAL TERM
Topical term or geographic name as entry element Student Movement
650 ## - SUBJECT ADDED ENTRY--TOPICAL TERM
Topical term or geographic name as entry element Students--Political activity
942 ## - ADDED ENTRY ELEMENTS (KOHA)
Source of classification or shelving scheme Dewey Decimal Classification
Koha item type Books
Holdings
Source of classification or shelving scheme Damaged status Not for loan Home library Current library Shelving location Date of accession Total Checkouts Full call number Barcode Date last seen Copy number Koha item type Cost, normal purchase price
Dewey Decimal Classification     JCC Rouf Library JCC Rouf Library General Stacks 02/05/2018   378.1981 HAN 1984 9590 02/05/2018 C-1 Books  
Dewey Decimal Classification     JCC Rouf Library JCC Rouf Library General Stacks 02/08/2018   378.1981 HAN 1984 9865 02/08/2018 C - 1 Books 700.00

JCC Library | Contacts | JCC Home

Last Update on 23 September 2017
Copyright @ 2017-2020 JCC Rouf Library
Rouf Library, Jhenidah Cadet College (JCC), Bangladesh